Risorse Arcobaleno : Compasito Specifico su Sessualità e Genere /

সংরক্ষণ করুন:
গ্রন্থ-পঞ্জীর বিবরন
অন্যান্য লেখক: Bartolucci, Viviana (সম্পাদক), Monti, Carlotta (2018- (সম্পাদক), Zavanella, Samuela (সম্পাদক), de Gesù, Ezio (সম্পাদক)
বিন্যাস: গ্রন্থ
ভাষা:ইতালিয়
প্রকাশিত: S.l., 2018 IFM SEI
ট্যাগগুলো: ট্যাগ যুক্ত করুন
কোনো ট্যাগ নেই, প্রথমজন হিসাবে ট্যাগ করুন!

MARC

LEADER 00000nam a22000007i 4500
001 IT\ICCU\CAM\0227816
003 ItRI
005 20240715123032.0
008 181013s2018 it |||||| ||||| |||||c
040 |b ita  |c GP 
041 7 |a ita  |2 ISO-639-2 
245 0 0 |a Risorse Arcobaleno :  |b Compasito Specifico su Sessualità e Genere /  |c a cura di Arciragazzi e Arcigay, Viviana Bartolucci, Carlotta Monti, Samuele Zavanella, Ezio de Gesù. 
260 |a S.l.,  |c 2018 IFM SEI 
300 |a p. 87 ;  |c 20 cm.  
700 1 |a Bartolucci, Viviana  |0 IT\ICCU\CAMV\100170  |4 edt 
700 1 |a Monti, Carlotta (2018-  |0 IT\ICCU\CAMV\100171  |4 edt 
700 1 |a Zavanella, Samuela  |0 IT\ICCU\CAMV\100172  |4 edt 
700 1 |a de Gesù, Ezio  |0 IT\ICCU\CAMV\100173  |4 edt 
942 |2 ddc  |c BK 
952 |0 0  |1 0  |2 ddc  |4 0  |6 306_766000000000000_IFM  |7 1  |9 1253  |a RM  |b RM  |d 2024-04-10  |l 0  |o 306 766 IFM  |p 837  |r 2024-04-10 20:41:50  |w 2024-04-10  |y BK 
952 |0 0  |1 0  |2 ddc  |4 0  |6 306_766000000000000_ARC_RIS  |7 1  |9 1625  |a RA  |b RA  |d 2024-07-12  |l 0  |o 306.766 ARC RIS  |p 9350  |r 2024-07-12 12:11:24  |w 2024-07-12  |y BK 
981 1 |6 z01  |a i   |b xxxe  
982 1 |6 z01  |a n 
999 |c 1155  |d 1155